[Event "RUS-ch"]
[Site "Orel"]
[Date "1992.??.??"]
[Round "?"]
[White "Ragozin, Evgeni"]
[Black "Totsky, Leonid"]
[Result "1-0"]
[WhiteElo "2415"]
[BlackElo "2435"]

1.d4 e6 2.c4 Nf6 3.Nf3 c5 4.d5 exd5 5.cxd5 d6 6.Nc3 g6 7.Nd2 Bg7 8.e4 O-O
9.Be2 Na6 10.O-O Nc7 11.h3 Qe7 12.Re1 b6 13.a4 Re8 14.Bb5 Nxb5 15.axb5 Bb7
16.Nc4 Nd7 17.Bf4 Ne5 18.Bxe5 Bxe5 19.Nxe5 Qxe5 20.Qd3 Re7 21.Ra4 Bc8 22.Rea1 f5
23.exf5 Bxf5 24.Qd2 h5 25.Ra6 Rb7 26.R1a4 Qg7 27.g4 hxg4 28.hxg4 Bc8 29.Qg5 Qe5
30.Qxe5 dxe5 31.Re4 Re7 32.Ra1 Rf7 33.Raa4 Re7 34.f4 Bxg4 35.fxe5 Bf5 36.Re1 Rae8
37.e6 Kg7 38.Rea1 Ra8 39.Kf2 Kf6 40.Ke3 Ke5 41.Rh4 Rd8 42.Rd1 Bc2 43.Rd2 Bf5
44.Kf3 Rf8 45.Kg3 Rd8 46.Re2+ Kd6 47.Reh2 Rde8 48.Kf4 Rf8 49.Rh8 Ree8 50.Rxf8 Rxf8
51.Kg5 Re8 52.Rh7 Re7 53.Rh8 c4 54.Rh1 Bxe6 55.dxe6 Rxe6 56.Ra1 Kc5 57.Rxa7 Kb4
58.Rc7 Kb3 59.Kf4 Re1 60.Nd5 Kxb2 61.Rxc4 g5+ 62.Kf5 Kb3 63.Rc6 Re8 64.Rxb6 Kc4
65.Nc7 Rg8 66.Kg4 Kb4 67.Rc6 Ka5 68.b6 Rb8 69.Nd5 Kb5 70.Rc7 Rd8 71.Rc1 Ka6
72.Rc5 Rg8 73.Rc6 Kb5 74.Re6 Kc5 75.Nc7 Kd4 76.Re8  1-0

[Event "Pardubice op"]
[Site "Pardubice"]
[Date "1992.??.??"]
[Round "4"]
[White "Piesina, Gintautas"]
[Black "Tataev, Manach"]
[Result "0-1"]
[WhiteElo "2415"]
[BlackElo "2310"]

1.d4 Nf6 2.c4 c5 3.d5 e6 4.Nc3 exd5 5.cxd5 d6 6.Nf3 g6 7.e4 Bg7 8.h3 O-O
9.Bd3 b5 10.Bxb5 Nxe4 11.Nxe4 Qa5+ 12.Nfd2 Qxb5 13.Nxd6 Qa6 14.N2c4 Nd7 15.O-O Nb6
16.Nxb6 axb6 17.Nxc8 Rfxc8 18.d6 Qb7 19.Re1 Qc6 20.Re2 Ra4 21.Be3 Rd8 22.Rd2 Be5
23.Qe2 Rxd6 24.Rxd6 Qxd6 25.Qb5 Rb4 26.Qe8+ Kg7 27.Re1 Rxb2 28.Bg5 Bf6 29.Bxf6+ Qxf6
30.Re2  0-1

[Event "Pardubice op"]
[Site "Pardubice"]
[Date "1992.??.??"]
[Round "7"]
[White "Sherbakov, Ruslan"]
[Black "Nun, Jiri"]
[Result "1-0"]
[WhiteElo "2530"]
[BlackElo "2440"]

1.d4 Nf6 2.Nf3 e6 3.c4 c5 4.d5 exd5 5.cxd5 d6 6.Nc3 g6 7.g3 Bg7 8.Bg2 O-O
9.O-O Na6 10.Nd2 Nc7 11.Nc4 b6 12.Nxd6 Ba6 13.Qa4 Qxd6 14.Bf4 Qd7 15.Qxd7 Nxd7
16.Bxc7 Rac8 17.d6 Bxc3 18.bxc3 c4 19.Rfd1 Rce8 20.Bc6 Bc8 21.Kf1 Re5 22.Bd5 Rh5
23.h4 Nf6 24.Bxc4 Rc5 25.Bb3 Bd7 26.Rd4 Re8 27.f3 h5 28.Kf2 Kg7 29.e4 Rc8
30.Bc4 Ra5 31.Rad1 Ne8 32.Bd5 Nf6 33.Bb3 Ne8 34.Bd5 Nf6 35.Bb3 Ne8 36.Rd5 Nxc7
37.Rxa5 bxa5 38.dxc7 Rxc7 39.Rd3 a4 40.Bd5 Kf6 41.Ke3  1-0

[Event "Pardubice op"]
[Site "Pardubice"]
[Date "1992.??.??"]
[Round "8"]
[White "Kozak, Milos"]
[Black "Vasilchenko, Oleg"]
[Result "0-1"]
[WhiteElo "2280"]
[BlackElo "2385"]

1.d4 Nf6 2.c4 e6 3.Nf3 c5 4.d5 exd5 5.cxd5 d6 6.Nc3 g6 7.e4 Bg7 8.Nd2 O-O
9.Be2 Na6 10.O-O Nc7 11.f3 a6 12.a4 Rb8 13.a5 Bd7 14.Nc4 Bb5 15.Be3 Re8 16.Qd2 Qe7
17.Rfe1 Nd7 18.Kh1 Qf8 19.Nb6 Qe7 20.Nc4 Bxc4 21.Bxc4 b5 22.axb6 Rxb6 23.Ra2 Reb8
24.Bf1 Rb4 25.Rea1 Ne5 26.Qc2 Nc4 27.Bc1 Qf6 28.Nd1 Qh4 29.g3 Qf6 30.f4 Ne5
31.Bd2 Nf3 32.Bxb4 Rxb4 33.e5 Qe7 34.Bg2 Ne1 35.Qe2 Nxg2 36.Qxg2 dxe5 37.fxe5 Qxe5
38.Nc3 Qd6 39.Rd1 Bd4 40.Ne4 Qd8 41.Nc3 Rb6 42.Raa1 Ne8 43.Rd2 Nd6 44.Qe2 Qg5
45.Rad1 Nf5 46.Qf3 h5 47.Re1 Kg7 48.Rde2 Qd8 49.Qd3 Qb8 50.Na4 Rf6 51.Nc3 Qb7
52.Qe4 Rb6 53.Qg2 Rd6 54.Qf3 Qd7 55.Rd1 Rf6 56.Qd3 Nh6 57.Rde1 Ng4 58.Kg2 Nf2
59.Rxf2 Rxf2+ 60.Kh1 Qh3  0-1

[Event "Paris-ch"]
[Site "Paris"]
[Date "1992.??.??"]
[Round "1"]
[White "Trommsdorf, Fro"]
[Black "Seknadje, Jose"]
[Result "1-0"]
[WhiteElo "2230"]
[BlackElo "2315"]

1.d4 e6 2.Nf3 Nf6 3.c4 c5 4.d5 exd5 5.cxd5 d6 6.Nc3 g6 7.Bg5 h6 8.Bh4 a6
9.a4 Bg7 10.h3 O-O 11.e3 Qa5 12.Nd2 Qb4 13.Bg3 Qxb2 14.Qc1 Qxc1+ 15.Rxc1 Rd8
16.Nc4 b5 17.Nb6 b4 18.Nxa8 bxc3 19.Nb6 Bb7 20.Rxc3 Ne4 21.Rb3 Bc3+ 22.Kd1 Bb4
23.Bc4 a5 24.Rf1 Na6 25.Rd3 Bc3 26.Rxc3 Nxc3+ 27.Kc2 Nxd5 28.Nxd5 Nb4+ 29.Nxb4 axb4
30.Rd1 Bxg2 31.Rxd6 Rc8 32.Rd7 Bxh3 33.Rxf7 Re8 34.Rf5+ Kh7 35.Rxc5 Kg7 36.Be5+ Kf8
37.Bd6+ Kg7 38.Rc7+ Kf6 39.Rf7+ Kg5 40.Be7+  1-0

[Event "RUS-chT"]
[Site "Podolsk"]
[Date "1992.??.??"]
[Round "?"]
[White "Zakharevich, Igor"]
[Black "Moiseev, Viktor"]
[Result "1-0"]
[WhiteElo "2350"]
[BlackElo "2480"]

1.d4 Nf6 2.c4 c5 3.d5 e6 4.Nc3 exd5 5.cxd5 d6 6.Nf3 g6 7.h3 Bg7 8.e4 O-O
9.Bd3 b5 10.Nxb5 Re8 11.Bg5 Qb6 12.Bxf6 Bxf6 13.Qb3 Na6 14.O-O Nb4 15.Nd2 Nxd3
16.Qxd3 c4 17.Qxc4 Rb8 18.a4 a6 19.Nc3 Bxh3 20.e5 Bxe5 21.gxh3 Qxb2 22.Nce4 Rec8
23.Qa2 Qd4 24.Rae1 Bf4 25.Nf3 Qg7  1-0

[Event "Polanica Zdroj op"]
[Site "Polanica Zdroj"]
[Date "1992.??.??"]
[Round "6"]
[White "Zimmerman, Yuri"]
[Black "Skrobek, Ryszard"]
[Result "1-0"]
[WhiteElo "2280"]
[BlackElo "2410"]

1.d4 Nf6 2.c4 e6 3.Nf3 c5 4.d5 exd5 5.cxd5 d6 6.Nc3 g6 7.Bg5 h6 8.Bh4 g5
9.Bg3 Nh5 10.e3 Nxg3 11.hxg3 Bg7 12.Bd3 Na6 13.Nd2 O-O 14.Nc4 Nc7 15.a4 b6
16.e4 f5 17.exf5 Bxf5 18.Bxf5 Rxf5 19.Ne3 Qe7 20.Qd3 Rff8 21.Kf1 Qf7 22.f3 Rae8
23.Rd1 Bd4 24.Ng4 Kg7 25.Rxh6 Rh8 26.Rxh8 Rxh8 27.Nf2 Nxd5 28.Re1 Nb4 29.Qd2 Kg6
30.Nce4 Qc4+ 31.Re2 Qd5 32.Nxg5 Qxg5 33.Re6+ Bf6 34.Qxg5+ Kxg5 35.Ne4+ Kf5
36.Rxf6+ Ke5 37.Rxd6 Rh1+ 38.Ke2 Rg1 39.Rd2 Rxg2+ 40.Ke3 Nc2+ 41.Kd3 Ne1+
42.Kc4 Rg1 43.Rd5+ Ke6 44.f4 Nc2 45.f5+ Kf7 46.Rd7+ Ke8 47.Rxa7 Ne3+ 48.Kb5 Nxf5
49.Kxb6 Rb1 50.Kxc5 Rxb2 51.a5 Rc2+ 52.Kd5 Ne7+ 53.Ke6 Rc6+ 54.Ke5  1-0

[Event "Ponferrada op"]
[Site "Ponferrada"]
[Date "1992.??.??"]
[Round "?"]
[White "Gil Capape, Javier"]
[Black "Suba, Mihai"]
[Result "0-1"]
[WhiteElo "2400"]
[BlackElo "2520"]

1.d4 Nf6 2.c4 e6 3.Nf3 c5 4.d5 d6 5.Nc3 exd5 6.cxd5 g6 7.Bg5 Bg7 8.e3 O-O
9.Nd2 Na6 10.Nc4 Nc7 11.a4 b6 12.Be2 Ba6 13.O-O Qd7 14.e4 Bxc4 15.Bxc4 a6
16.Qe2 Ng4 17.h3 Ne5 18.Bb3 f5 19.exf5 gxf5 20.f4 Ng6 21.Bc2 Rae8 22.Qh5 Re3
23.Rf3 Qe8 24.Kh1 Rxf3 25.Qxf3 h6 26.h4 hxg5 27.hxg5 Rf7 28.Rf1 Bd4 29.g3 Rh7+
30.Kg2 Qf7 31.Re1 b5 32.axb5 axb5 33.Qd3 Nxd5 34.Qf1 Ndxf4+  0-1

[Event "Bohemians (Women)"]
[Site "Prague"]
[Date "1992.??.??"]
[Round "8"]
[White "Horvath, Maria"]
[Black "Grinfeld, Alla B"]
[Result "0-1"]
[WhiteElo "2050"]
[BlackElo "2230"]

1.d4 e6 2.c4 c5 3.d5 exd5 4.cxd5 d6 5.Nc3 Nf6 6.Nf3 g6 7.e4 Bg7 8.h3 O-O
9.Bd3 a6 10.a4 Nbd7 11.Bf4 Ne8 12.O-O Qe7 13.Nd2 Ne5 14.Be2 Rb8 15.Bg3 f5
16.f4 Nf7 17.Bd3 fxe4 18.Ndxe4 Bf5 19.Qd2 Qd7 20.Bh4 b5 21.axb5 axb5 22.Rae1 c4
23.Bb1 b4 24.Nd1 Qc7 25.Rf3 Bxe4 26.Bxe4 Nf6 27.Rfe3 Nxe4 28.Rxe4 c3 29.bxc3 bxc3
30.Qc2 Qc5+ 31.Bf2 Qxd5 32.Nxc3 Qc6 33.Bd4 Rfc8 34.Bxg7 Kxg7 35.R4e3 Qc5
36.Kh1 d5 37.Qd1 Rd8 38.Rd3 d4 39.Ne4 Qd5 40.Ng3 Rb2 41.Re2 Rb4 42.Re4 Qb5
43.Kh2 Qb6 44.Ne2 Rb1 45.Qa4 Re1 46.Qc2 Qa6 47.Qd2 Qa1 48.Ng3 Rxe4 49.Nxe4 Qa4
50.Ng5 Nxg5 51.fxg5 Qa7 52.Qf4 Qd7 53.Qf6+ Kg8 54.Rb3 Qd6+ 55.Qxd6 Rxd6 56.Rd3 Kf7
57.Kg3 Ke6 58.Kf3 Kd5 59.Ke2 Kc4 60.Kd2 Ra6 61.Rg3 Ra2+ 62.Kd1 d3  0-1

[Event "Bohemians (Women)"]
[Site "Prague"]
[Date "1992.??.??"]
[Round "12"]
[White "Buechle, Regina"]
[Black "Kubikova, Hana"]
[Result "0-1"]
[WhiteElo "2020"]
[BlackElo "2170"]

1.d4 Nf6 2.Nf3 e6 3.c4 c5 4.d5 exd5 5.cxd5 d6 6.Nc3 g6 7.Bf4 Bg7 8.Qa4+ Bd7
9.Qb3 Qc7 10.e4 O-O 11.Be2 Re8 12.Nd2 a6 13.a4 Bf8 14.O-O Bc8 15.Rfe1 Nbd7
16.Bf1 Nh5 17.Be3 Ne5 18.Nc4 Nxc4 19.Bxc4 Bg7 20.Rad1 Rb8 21.Qc2 Bd7 22.f4 f5
23.e5 b5 24.axb5 axb5 25.Be2 b4 26.Nb1 dxe5 27.d6 Qa5 28.Bxh5 gxh5 29.Qxc5 Qxc5
30.Bxc5 Rb5 31.Be3 Kf7 32.b3 Re6 33.Nd2 exf4 34.Bxf4 Rd5 35.Nc4 Rxd1 36.Rxd1 Re4
37.Bd2 Bd4+ 38.Kf1 Bc5 39.Re1 Bb5 40.Rxe4 fxe4 41.Ke1 Bxc4 42.bxc4 Bxd6 43.h3 Ke6
44.Be3 b3 45.Kd2 Bb4+ 46.Kc1 Bc3 47.Kb1 Ke5 48.c5 Kd5 49.Kc1 Bb4 50.c6 Ba3+  0-1

[Event "ROM-chT"]
[Site "?"]
[Date "1992.??.??"]
[Round "?"]
[White "Cosma, Ioan"]
[Black "Suba, Mihai"]
[Result "0-1"]
[WhiteElo "2375"]
[BlackElo "2520"]

1.d4 Nf6 2.c4 e6 3.Nf3 c5 4.d5 d6 5.Nc3 exd5 6.cxd5 g6 7.g3 Bg7 8.Bg2 O-O
9.O-O Na6 10.Nd2 Nc7 11.Nc4 Nfe8 12.Bf4 f5 13.a4 g5 14.Bd2 b6 15.Qc1 h6 16.e4 Ba6
17.b3 f4 18.gxf4 gxf4 19.f3 Qh4 20.Ra2 Bxc4 21.bxc4 Be5 22.Ne2 Ng7 23.Qe1 Qh5
24.Nc1 Rf6 25.Nd3 Kh7 26.a5 Rg8 27.Nxe5 dxe5 28.axb6 axb6 29.Bc3 Nge8 30.Qa1 Rg5
31.Ra7 Rfg6 32.Rf2 Rg7 33.Qf1 Qh4 34.Kh1 Nd6 35.Rc2 b5 36.Be1 Qh5 37.Ba5 Nxc4
38.Rxc7 Ne3 39.Rxg7+ Rxg7 40.Qc1 Nxg2 41.Rxg2 Qxf3 42.Qg1 b4 43.Qf2 Qxe4
44.Qc2 Qxc2 45.Rxc2 b3 46.Rd2 e4 47.d6 f3 48.d7 b2 49.Rd1 b1=Q 50.Rxb1 Rxd7
51.Bb6 Rb7 52.Kg1 e3 53.Kf1 c4 54.Re1 Rxb6 55.Rxe3 Rb1+ 56.Kf2 Rb2+ 57.Kxf3 Rxh2
58.Re6 c3 59.Rc6 c2 60.Ke4 h5 61.Kf5 h4 62.Kf6 h3  0-1

[Event "Roses"]
[Site "Roses"]
[Date "1992.??.??"]
[Round "8"]
[White "Pares Vives, Jose"]
[Black "Suba, Mihai"]
[Result "1-0"]
[WhiteElo "2345"]
[BlackElo "2520"]

1.d4 Nf6 2.c4 e6 3.Nf3 c5 4.d5 d6 5.Nc3 exd5 6.cxd5 g6 7.Nd2 Bg7 8.e4 O-O
9.Be2 Na6 10.O-O Nc7 11.a4 b6 12.Nc4 Ba6 13.Bg5 Qd7 14.f3 Kh8 15.Qd2 Bxc4
16.Bxc4 a6 17.Qd3 Ng8 18.Rfe1 f5 19.exf5 Rxf5 20.Bh4 Rf7 21.Rab1 Nh6 22.b4 Nf5
23.Bf2 Re8 24.Rxe8+ Qxe8 25.bxc5 bxc5 26.a5 Bd4 27.Bxd4+ Nxd4 28.Ne4 Qe5
29.Rb6 Nxd5 30.Bxd5 Qxd5 31.Rxd6 Qa2 32.Rd8+ Kg7 33.Nxc5 Qa1+ 34.Kf2 Qb2+
35.Kg3 Nf5+ 36.Kh3 Qf6 37.g3 g5 38.Qd2 Nh4 39.Qxg5+ Qxg5 40.Ne6+ Kg6 41.Nxg5 Kxg5
42.Rd5+ Kg6 43.Rd6+ Kg7 44.Kxh4 Rxf3 45.Rxa6 Rf2 46.h3 Rf5 47.g4 Rc5 48.g5 Rc4+
49.Kh5 Rc5 50.h4 Rd5 51.Ra7+ Kg8 52.a6 Rd6 53.Kg4 Rd4+ 54.Kf5 Rd6 55.Ke5 Rg6
56.h5  1-0

[Event "Schoeneck"]
[Site "Schoeneck"]
[Date "1992.??.??"]
[Round "1"]
[White "Alber, Horst"]
[Black "Schulz, J."]
[Result "1-0"]
[WhiteElo "2355"]
[BlackElo "2250"]

1.d4 Nf6 2.c4 e6 3.Nf3 c5 4.d5 exd5 5.cxd5 d6 6.Nc3 g6 7.e4 Bg7 8.Bb5+ Nfd7
9.Bf4 Qb6 10.Qb3 Ke7 11.Nd2 Ne5 12.Bxe5 Bxe5 13.Nc4 Qd8 14.Nxe5 dxe5 15.O-O a6
16.f4 axb5 17.fxe5 Kf8 18.e6 f6 19.Rxf6+ Qxf6 20.Rf1 Qxf1+ 21.Kxf1 b4 22.Nb5 Kg7
23.Nc7 Ra7 24.Qg3 Rf8+ 25.Ke1 Bd7 26.exd7 Nxd7 27.Ne6+ Kg8 28.Nxf8 Nxf8 29.Qb8 Rxa2
30.d6 Kg7 31.Qxb7+ Kh6  1-0

[Event "Sitges op"]
[Site "Sitges"]
[Date "1992.??.??"]
[Round "4"]
[White "Yewdokimov, Oleg"]
[Black "Suba, Mihai"]
[Result "0-1"]
[WhiteElo "2380"]
[BlackElo "2520"]

1.d4 Nf6 2.c4 e6 3.Nf3 c5 4.d5 d6 5.Nc3 exd5 6.cxd5 g6 7.Nd2 Bg7 8.Nc4 O-O
9.Bg5 Qe7 10.Qd2 b6 11.Qf4 Ba6 12.Nxd6 h6 13.Bxf6 Bxf6 14.Nde4 Bg7 15.e3 f5
16.Nd2 g5 17.Qa4 Bxf1 18.Rxf1 Nd7 19.O-O-O a6 20.d6 Qf7 21.Qc4 b5 22.Qxf7+ Rxf7
23.Nb3 c4 24.Nd4 Nc5 25.Nd5 Kh7 26.Kc2 Rd8 27.Ne7 f4 28.Ndc6 Rd7 29.exf4 Nd3
30.fxg5 hxg5 31.Nc8 Rf8 32.N6e7 Be5 33.g4 Re8 34.h4 Bxd6 35.Nxd6 Rexe7 36.Nf5 Re2+
37.Kb1 gxh4 38.Ka1 b4 39.Rh1 c3 40.Rxh4+ Kg6 41.bxc3 bxc3 42.Rh6+ Kg5 43.Rc6 Nxf2
44.Rf1 c2 45.Nd6 Nd3 46.Rf5+ Kh4  0-1

[Event "Slupsk op"]
[Site "Slupsk"]
[Date "1992.??.??"]
[Round "?"]
[White "Kawczynski, Leslaw"]
[Black "Skrobek, Ryszard"]
[Result "0-1"]
[WhiteElo "2320"]
[BlackElo "2375"]

1.d4 Nf6 2.Nf3 e6 3.c4 c5 4.d5 exd5 5.cxd5 d6 6.Nc3 g6 7.h3 Bg7 8.e4 O-O
9.Bd3 b5 10.Nxb5 Re8 11.O-O Nxe4 12.Bxe4 Rxe4 13.Bg5 f6 14.Bd2 Bb7 15.Nc3 Re7
16.Bf4 Na6 17.Nd2 Nc7 18.Nde4 Rd7 19.Re1 h6 20.Qb3 Ba6 21.Rad1 Rb8 22.Qc2 f5
23.Ng3 Rb4 24.Bc1 Re7 25.Nge2 Qe8 26.a3 Bxc3 27.Qxc3 Rbe4 28.Bxh6 Bxe2 29.Rd2 Bd3
30.Re3 Rxe3 31.Bxe3 c4 32.Qd4 Re4 33.Qxa7 Nxd5 34.Bd4 Qf7 35.Qb8+ Qf8 36.Qa7 Nf4
37.a4 Ne2+ 38.Rxe2 Rxe2 39.Bc3 Re7 40.Qd4 Kh7 41.Qh4+ Kg8 42.Qh8+ Kf7 43.Qf6+ Ke8
44.Qxg6+ Kd7 45.a5 f4 46.Qg4+ Qf5 47.Qf3 Be4 48.Qd1 Qg5 49.f3 Bc6 50.Kh1 Qg3
51.Bb4 Re6 52.a6 Rh6 53.Kg1 Rg6 54.Qc2 Bxf3 55.Qf5+ Ke7 56.Qe5+ Kf7 57.Qf5+ Kg8
58.Qc8+ Kh7 59.Qd7+ Kh6  0-1

[Event "Stockholm op"]
[Site "Stockholm"]
[Date "1992.??.??"]
[Round "?"]
[White "Bellon Lopez, Juan Manuel"]
[Black "Wedberg, Tom"]
[Result "1/2-1/2"]
[WhiteElo "2435"]
[BlackElo "2460"]

1.d4 Nf6 2.c4 e6 3.Nf3 c5 4.d5 d6 5.Nc3 exd5 6.cxd5 g6 7.h3 Bg7 8.e4 O-O
9.Bd3 a6 10.a4 Nbd7 11.Bf4 Qe7 12.O-O Nh5 13.Bg5 Bf6 14.Be3 Ne5 15.Be2 Nxf3+
16.Bxf3 Ng7 17.a5 Bd7 18.Ra3 Rfb8 19.Rb3 b5 20.axb6 Qd8 21.Bg4 Bxg4 22.hxg4 Rxb6
23.g5 Rxb3 24.gxf6 Rxc3 25.bxc3 Qxf6 26.Qd2 Qe7 27.f3 a5 28.Ra1 f5 29.Bg5 Qe5  1/2-1/2

[Event "Rilton Cup"]
[Site "Stockholm"]
[Date "1992.??.??"]
[Round "1"]
[White "Hillarp Persson, Tiger"]
[Black "Lyrberg, Patrik"]
[Result "1/2-1/2"]
[WhiteElo "2300"]
[BlackElo "2425"]

1.d4 Nf6 2.c4 e6 3.Nf3 c5 4.d5 exd5 5.cxd5 d6 6.Nc3 g6 7.e4 a6 8.a4 Bg4 9.Be2 Bg7
10.Bf4 O-O 11.O-O Re8 12.Nd2 Bxe2 13.Qxe2 Nh5 14.Be3 Nd7 15.g4 Nhf6 16.a5 h5
17.h3 hxg4 18.hxg4 Nh7 19.Kg2 Qe7 20.Rae1 Ne5 21.f4 Nd7 22.g5 f6 23.gxf6 Ndxf6
24.Qf3 Rf8 25.Qg3  1/2-1/2

[Event "SWZ-GP Suhr"]
[Site "Suhr"]
[Date "1992.??.??"]
[Round "6"]
[White "Chiong, Luiz"]
[Black "Sutter, Oliver"]
[Result "1-0"]
[WhiteElo "2350"]
[BlackElo "2295"]

1.d4 Nf6 2.c4 c5 3.d5 e6 4.Nc3 exd5 5.cxd5 d6 6.Nf3 g6 7.Nd2 Bg7 8.e4 O-O
9.Be2 Re8 10.O-O Na6 11.f3 Nc7 12.a4 b6 13.Nc4 Ba6 14.Bg5 h6 15.Bh4 Qd7 16.Re1 Rab8
17.Bf2 Bxc4 18.Bxc4 a6 19.Bf1 Nh5 20.Qc1 Be5 21.g3 Kh7 22.Qc2 Qe7 23.f4 Bg7
24.Rad1 b5 25.e5 f5 26.axb5 axb5 27.Be2 b4 28.Na4 b3 29.Qb1 Rb4 30.exd6 Qf7
31.dxc7 Rxa4 32.Bxh5 Rxe1+ 33.Rxe1 Qxc7 34.Re6  1-0

[Event "Tel Aviv-B"]
[Site "Tel Aviv"]
[Date "1992.??.??"]
[Round "4"]
[White "Shabtai, Ran"]
[Black "Lev, Ronen"]
[Result "1-0"]
[WhiteElo "2340"]
[BlackElo "2450"]

1.d4 Nf6 2.c4 e6 3.Nf3 c5 4.d5 d6 5.Nc3 exd5 6.cxd5 g6 7.h3 a6 8.a4 Qe7 9.Nd2 Nbd7
10.Nc4 Ne5 11.Nb6 Rb8 12.e4 Bg7 13.Be2 O-O 14.O-O Ned7 15.Nxc8 Rfxc8 16.Bf4 c4
17.Re1 b5 18.axb5 axb5 19.Ra6 Ne5 20.b4 cxb3 21.Qxb3 b4 22.Nb5 Nxe4 23.Qxb4 Nc3
24.Qxd6 Nxe2+ 25.Rxe2 Nf3+ 26.Kf1 Qb7 27.gxf3 Qxb5 28.Ra2 Rb6 29.Qe7 Bf8
30.Qe4 Rc4 31.Qe3 Rb7 32.Ra8 Qd7 33.Rxf8+  1-0

[Event "Warsaw op"]
[Site "Warsaw"]
[Date "1992.??.??"]
[Round "5"]
[White "Neverov, Valeriy"]
[Black "Wiech, Grzegorz"]
[Result "1-0"]
[WhiteElo "2520"]
[BlackElo "2245"]

1.d4 Nf6 2.c4 e6 3.Nf3 c5 4.d5 exd5 5.cxd5 d6 6.Nc3 g6 7.Nd2 Nbd7 8.e4 Bg7
9.Be2 O-O 10.O-O Re8 11.a4 a6 12.Qc2 Ne5 13.Ndb1 Nh5 14.Bxh5 gxh5 15.Ne2 Qh4
16.Ra3 Ng6 17.Nd2 Bg4 18.f3 Bd7 19.Nc4 Qe7 20.Nf4 b5 21.Nb6 Bd4+ 22.Kh1 Nxf4
23.Bxf4 Rab8 24.Nxd7 Qxd7 25.axb5 Rxb5 26.Rxa6 Rxb2 27.Qd3 Reb8 28.Rxd6 Qe7
29.Rc6 Be5 30.d6 Qf6 31.Bxe5 Qxe5 32.d7 Qg5 33.Rc8+ Kg7 34.Rg1 Rd2 35.Qc3+ Kh6
36.Rxb8 Rxd7 37.Rb6+  1-0

[Event "Wisla BES op"]
[Site "Wisla"]
[Date "1992.??.??"]
[Round "9"]
[White "Gleizerov, Evgeny"]
[Black "Ciemniak, Robert"]
[Result "1-0"]
[WhiteElo "2525"]
[BlackElo "2335"]

1.d4 Nf6 2.c4 c5 3.d5 e6 4.Nc3 exd5 5.cxd5 d6 6.Nf3 g6 7.g3 Bg7 8.Bg2 O-O
9.O-O Na6 10.Nd2 Nc7 11.Nc4 Rb8 12.Bf4 Nce8 13.a4 Nh5 14.Bd2 f5 15.Re1 f4
16.Bf3 fxg3 17.hxg3 b6 18.Ne4 Bf5 19.Ng5 Qf6 20.Be3 h6 21.Ne6 Bxe6 22.dxe6 Kh8
23.Qc1 Qxe6 24.Bxh6 d5 25.Bxg7+ Nexg7 26.Qh6+ Kg8 27.Ne3 Rbd8 28.Qg5 Nf6
29.Qxg6 Qe5 30.Kg2 d4 31.Ng4 Nxg4 32.Qxg4 Rd6 33.Rh1 d3 34.Qc4+ Ne6 35.Rh5 Qf6
36.Qg4+ Qg7 37.exd3 Qxg4 38.Bxg4 Ng7 39.Re5 Rxd3 40.Rae1 Rd2 41.R1e2 Rfd8
42.Re7 R2d4 43.Be6+ Nxe6 44.R2xe6 Rxa4 45.Rg6+ Kh8 46.Rgg7 a6 47.Rh7+ Kg8
48.Reg7+ Kf8 49.Rb7 Kg8 50.f4 Rb4 51.f5 Rd6 52.Rhc7 Rf6 53.Rg7+ Kf8 54.g4 Rb3
55.Rh7 Kg8 56.Rbg7+ Kf8 57.Ra7 Kg8 58.Rhg7+ Kf8 59.Rgb7 Kg8 60.Rxa6 c4 61.Ra8+ Rf8
62.Raa7 Rd8 63.f6 Rd2+ 64.Kf1 Rf3+ 65.Ke1 Rd8 66.Rg7+ Kf8 67.Rh7 Re8+ 68.Kd2 Rf2+
69.Kc3 Re3+ 70.Kd4  1-0

[Event "Zalakaros op"]
[Site "Zalakaros"]
[Date "1992.??.??"]
[Round "1"]
[White "Petran, Pal"]
[Black "Parkanyi, Attila"]
[Result "1-0"]
[WhiteElo "2470"]
[BlackElo "2255"]

1.d4 Nf6 2.c4 e6 3.Nc3 c5 4.d5 exd5 5.cxd5 d6 6.Nf3 g6 7.e4 Bg7 8.h3 O-O
9.Bd3 Re8 10.O-O a6 11.a4 Nbd7 12.Bf4 Qc7 13.Qd2 Nh5 14.Bh6 Ne5 15.Nxe5 Bxe5
16.g4 Ng7 17.Kh1 f5 18.gxf5 gxf5 19.Rg1 Kh8 20.Rg5 Qf7 21.Rag1 Rg8 22.exf5 Bd7
23.Bxg7+ Bxg7 24.Be4 b5 25.axb5 axb5 26.Ne2 Qf6 27.b4 cxb4 28.Qxb4 Qh6 29.Qb3 Rae8
30.Qf3 Bf6 31.Rxg8+ Rxg8 32.Rxg8+ Kxg8 33.Qg3+ Bg7 34.Nf4 Kf7 35.Ne6 Be5
36.f4 Bf6 37.Kg2 Qh5 38.Qg4 Qxg4+ 39.hxg4 b4 40.Kf3 b3 41.Ke3 b2 42.Kd2 h6
43.g5 hxg5 44.fxg5 Be5 45.Kc2 Ke7 46.f6+ Kf7 47.Nd8+ Ke8 48.Nc6 Bxc6 49.dxc6 Kd8
50.Bd5 Kc7 51.f7 Bg7 52.g6 Kd8 53.f8=Q+ Bxf8 54.Kxb2 Bg7+ 55.Kb3 Be5 56.Kc4 Kc7
57.Be4 Kd8 58.Kd5 Ke7 59.Bf5 Kd8 60.Ke6 Kc7 61.Be4  1-0

[Event "Zalakaros op"]
[Site "Zalakaros"]
[Date "1992.??.??"]
[Round "6"]
[White "Meszaros, Attila"]
[Black "Lendvai, Noemi"]
[Result "1/2-1/2"]
[WhiteElo "2350"]
[BlackElo "2175"]

1.d4 Nf6 2.c4 e6 3.Nf3 c5 4.d5 exd5 5.cxd5 d6 6.Nc3 g6 7.e4 Bg7 8.Bd3 O-O
9.h3 Re8 10.O-O a6 11.a4 c4 12.Bxc4 Nxe4 13.Nxe4 Rxe4 14.Qc2 Re8 15.Bf4 Bf5
16.Qb3 Nd7 17.Bxd6 Qf6 18.Ba3 Be4 19.d6 Qf5 20.Nh4 Qf6 21.Nf3 Qf5 22.Nh4 Qf6
23.Nf3  1/2-1/2

[Event "Zuerich op"]
[Site "Zuerich"]
[Date "1992.??.??"]
[Round "?"]
[White "Sutter, Oliver"]
[Black "Knoedler, Dieter"]
[Result "1-0"]
[WhiteElo "2240"]
[BlackElo "2260"]

1.d4 e6 2.Nf3 Nf6 3.c4 c5 4.d5 exd5 5.cxd5 d6 6.Nc3 g6 7.Nd2 Nbd7 8.e4 Bg7
9.Be2 O-O 10.f4 Re8 11.O-O a6 12.a4 Qc7 13.Kh1 c4 14.e5 dxe5 15.Nxc4 e4 16.f5 e3
17.fxg6 hxg6 18.Nxe3 Ne4 19.Nxe4 Rxe4 20.d6 Qc5 21.Ng4 Ne5 22.Nxe5 Qxe5 23.d7 Bxd7
24.Qxd7 Rxe2 25.Qxf7+ Kh7 26.Ra3  1-0

[Event "Aggtelek op"]
[Site "Aggtelek"]
[Date "1993.??.??"]
[Round "2"]
[White "Csala, Imre"]
[Black "Molnar, Janos"]
[Result "1-0"]
[WhiteElo "2255"]
[BlackElo "2250"]

1.d4 Nf6 2.Nf3 c5 3.d5 e6 4.c4 exd5 5.cxd5 d6 6.Nc3 a6 7.a4 g6 8.e4 Bg7 9.Be2 O-O
10.Bg5 Qb6 11.Qc2 Bg4 12.a5 Qc7 13.O-O Re8 14.Rfe1 Nbd7 15.Nd2 Bxe2 16.Rxe2 b5
17.axb6 Nxb6 18.f4 h6 19.Bh4 Nh7 20.Rf1 Rab8 21.Kh1 Qd7 22.Ref2 Nf6 23.Bxf6 Bxf6
24.e5 dxe5 25.Nde4 Bg7 26.f5 gxf5 27.Rxf5 Rf8 28.Nxc5 Qc8 29.Qf2 Nd7 30.N5e4 f6
31.Rh5 Qe8 32.Rh3 Qe7 33.Ng3 Rf7 34.Nf5 Qc5 35.Qg3 Kf8 36.Qg6 Rxb2 37.Rg3 Rf2
38.Rxf2 Qxf2 39.h3 e4 40.Nxg7 Ne5 41.Ne6+ Ke7 42.Qg8 Qe1+ 43.Kh2 Nd7 44.Nd4 Ne5
45.Qc8  1-0

[Event "Aggtelek op"]
[Site "Aggtelek"]
[Date "1993.??.??"]
[Round "4"]
[White "Dede, Erno"]
[Black "Molnar, Janos"]
[Result "1-0"]
[WhiteElo "2265"]
[BlackElo "2250"]

1.d4 Nf6 2.Nf3 c5 3.d5 e6 4.c4 exd5 5.cxd5 d6 6.Nc3 g6 7.Bf4 a6 8.a4 Nbd7
9.e4 Nh5 10.Bg5 Ndf6 11.h3 h6 12.Be3 Nd7 13.Be2 Bg7 14.Nd2 Nhf6 15.Nc4 Nb6
16.Nd2 Nbd7 17.Bf4 Ne5 18.Bxe5 dxe5 19.Nc4 Qe7 20.d6 Qe6 21.Nb6 Rb8 22.Bc4  1-0

[Event "Aggtelek op"]
[Site "Aggtelek"]
[Date "1993.??.??"]
[Round "9"]
[White "Dede, Erno"]
[Black "Gal, Jozsef"]
[Result "1/2-1/2"]
[WhiteElo "2265"]
[BlackElo "2215"]

1.d4 Nf6 2.Nf3 e6 3.c4 c5 4.d5 exd5 5.cxd5 d6 6.Nc3 g6 7.g3 Bg7 8.Bg2 O-O
9.O-O Re8 10.Bf4 a6 11.a4 Qe7 12.h3 Nbd7 13.e4 Nh5 14.Bg5 Nhf6 15.Re1 h6
16.Bd2 Rb8 17.Bf1 g5 18.Rb1 Ne5 19.Nxe5 Qxe5 20.b4 cxb4 21.Rxb4 Nd7 22.a5 b5
23.axb6 Rxb6 24.Na4 Rxb4 25.Bxb4 Qe7 26.Bg2 Be5 27.Qd2 Qf6 28.Rc1 h5 29.Bc3 h4
30.Bxe5 Nxe5 31.f4 gxf4 32.gxf4 Ng6 33.f5 Ne5 34.Nb6 Bd7 35.Nxd7  1/2-1/2

[Event "Alcobendas op"]
[Site "Alcobendas"]
[Date "1993.??.??"]
[Round "2"]
[White "Bermejo Collado, Julian"]
[Black "Rivera, Daniel"]
[Result "1/2-1/2"]
[WhiteElo "2310"]
[BlackElo "2415"]

1.d4 Nf6 2.Nf3 c5 3.d5 e6 4.c4 exd5 5.cxd5 d6 6.Nc3 g6 7.Bf4 a6 8.a4 Bg7
9.e4 Bg4 10.Be2 Bxf3 11.Bxf3 O-O 12.O-O Qe7 13.Re1 Nbd7 14.h3 Rab8 15.a5 Rfe8
16.Ra4 Ne5 17.Be2 Nfd7 18.Qd2 f5 19.exf5 gxf5 20.Raa1 Qf7 21.Bf1 Kh8 22.Kh1 Nf8
23.Be3 Neg6 24.f4 Re7 25.Bf2 Rbe8 26.g3 Nd7 27.Bc4 Ngf8 28.Qd3 Qh5  1/2-1/2

[Event "Andorra op"]
[Site "Andorra"]
[Date "1993.??.??"]
[Round "2"]
[White "Garcia, Raul"]
[Black "Suba, Mihai"]
[Result "1/2-1/2"]
[WhiteElo "2275"]
[BlackElo "2500"]

1.d4 Nf6 2.Nf3 e6 3.c4 c5 4.d5 d6 5.Nc3 exd5 6.cxd5 g6 7.Bf4 a6 8.e4 b5 9.Qe2 Be7
10.e5 dxe5 11.Bxe5 Nbd7 12.O-O-O Nxe5 13.Nxe5 Qd6 14.Nc6 Bd7 15.Re1 Bxc6
16.dxc6 Ra7 17.Qf3 O-O 18.Bxb5 axb5 19.Nxb5 Qb8 20.Nxa7 Qxa7 21.Kb1 Ne8 22.Re3 Ng7
23.Rd1 Bg5 24.Ra3 Qe7 25.Rb3 Nf5 26.Rb7 Qe6 27.Qd5 Qe2 28.Qf3 Qe8 29.a3 Nd4
30.Qd5 Qe2 31.Rxd4 cxd4 32.Qxg5 Qe4+ 33.Ka1 Qxc6 34.Rb4 Qd6 35.Qg3 Qd5 36.Qf3 Qe5
37.g3 Rd8 38.Rb3 Qe1+ 39.Ka2 Qe6 40.Ka1 Rc8 41.Qd1 Qd5 42.Rd3 Rd8 43.h4 Rd6
44.Qd2 h5 45.Kb1 Qe4 46.Ka1 Rd5 47.Qd1 Kg7 48.Qd2 Rd8 49.Qd1 Rd7 50.Qd2 f6
51.f3 Qe5 52.f4 Qe4 53.Qd1 Rd6 54.Qd2 Kf7 55.Qd1 Ke6 56.Qb3+ Kf5 57.Qd1 Rd8
58.Qf1 Ke6 59.Rd1 Kf7 60.Qc4+ Rd5 61.Qd3 f5 62.Rd2 Rd7 63.Qc4+ Kg7 64.Rd3 Kf6
65.Qa6+ Ke7 66.Qc4 Rd6 67.Ka2 Qe6 68.Qxe6+ Kxe6 69.Kb3 Kd5 70.Kc2 Rc6+ 71.Kd2 Rb6
72.b4 Kc4 73.Rf3 Ra6 74.Rd3 Ra8  1/2-1/2

[Event "Andorra op"]
[Site "Andorra"]
[Date "1993.??.??"]
[Round "4"]
[White "Lalic, Bogdan"]
[Black "Wedberg, Tom"]
[Result "1-0"]
[WhiteElo "2520"]
[BlackElo "2460"]

1.d4 Nf6 2.c4 e6 3.Nf3 c5 4.d5 d6 5.Nc3 exd5 6.cxd5 g6 7.h3 Bg7 8.e4 O-O
9.Bd3 Re8 10.O-O Bd7 11.Bf4 c4 12.Bc2 Qb6 13.Rb1 Na6 14.a3 Nc5 15.Re1 Qa6
16.e5 dxe5 17.Nxe5 Bf5 18.Bxf5 gxf5 19.Rc1 Rad8 20.Bg5 Nfe4 21.Nxe4 fxe4
22.Bxd8 Bxe5 23.Bh4 Nd3 24.Rxe4 Bh2+ 25.Kxh2 Rxe4 26.Bg3 Nxc1 27.Qxc1 Qf6
28.d6 Qf5 29.Qd2 Qd7 30.Qg5+ Kf8 31.Qf6 Kg8 32.Be5  1-0